00573nam a22001337a 4500008004100000020002200041082001800063245016100081260005600242300001200298942001200310999001500322952010200337230619b xxu||||| |||| 00| 0 eng d a978-9966-008-99-2 a332bCHI 2009 aResource Mobilization for Sustainability :bProceedings of the International Conference on Resource MobilizationcJohn Chikati and Jenepher Barasa (editors) aNairobi, KenyabREPARED Publishing Departmentc2009 avi,176p 2ddccBK c1356d1356 00102ddc4070a001b001cGENd2023-06-19l0o332 CHI 2009p20230016r2023-06-19w2023-06-19yBK